Bezpośrednie loty z lotniska z Krakowa - Statystyki

Ogólne statystyki
  • Ten quiz został rozwiązany 45 razy
  • Średni wynik to 78 z 164
Statystyki odpowiedzi
Hint Odpowiedź % Poprawnych
British Airways | EasyJet | Jet2.com (sezonowo) | +2 others Londyn
92%
Air France | EasyJet Paryź
89%
LOT | Ryanair Paryż
89%
LOT Warszawa
87%
Ryanair Madryt
84%
Norwegian | Ryanair | Wizzair Oslo
84%
Ryanair | Wizzair Barcelona
82%
Finnair Helsinki
82%
Austrian Airlines | Ryanair Wiedeń
82%
Aegean Airlines | Ryanair Ateny
79%
Norwegian | Ryanair Sztokholm
79%
Ryanair Gdańsk
76%
Ryanair Ryga
76%
Ryanair | Wizzair Rzym
76%
airBaltic Wilno
76%
Lufthansa Frankfurt
74%
LOT | Turkish Airlines Stambuł
74%
EasyJet | KLM Amsterdam
71%
Air Serbia Belgrad
71%
Brussels Airlines | Ryanair Bruksela
71%
Flydubaj Dubaj
68%
Pegasus Airlines Ankara
66%
Ryanair Dublin
66%
Ryanair | Wizzair Mediolan
66%
Ryanair Praga
66%
Wizzair Bukareszt
63%
Norwegian | Ryanair | SAS Kopenhaga
63%
Air Dolomiti | Lufthansa Monachium
63%
Ryanair Neapol
63%
Ryanair (sezonowo) Szczecin
63%
Ryanair Lizbona
61%
Wizzair Lyon
61%
EasyJet | Jet2.com | Ryanair Manchester
61%
SWISS Zurych
61%
Jet2.com (sezonowo) | Ryanair Liverpool
58%
Ryanair Porto
55%
Ryanair Wenecja
55%
EasyJet | Jet2.com | Ryanair Birmingham
53%
Jet2.com | Ryanair Glasgow
50%
Ryanair | Wizzair Malaga
50%
Ryanair Marsylia
50%
Ryanair Saloniki
50%
Entair Air (czarter) | Freebird Airlines (czarter) | Mavi Gok Aviation (czarter) | +2 others Antalya
47%
LOT Chicago
47%
Ryanair Tirana
47%
Ryanair Walencja
47%
Wizzair Abu Zabi
45%
Ryanair Bari
45%
EasyJet | Ryanair Edynburg
45%
Wizzair Nicea
45%
flynas (sezonowo) Rijad
45%
Ryanair Turyn
45%
Norwegian | Wizzair Bergen
42%
Ryanair Katania
42%
Jet2.com | Ryanair Leeds
42%
El Al | LOT | Ryanair Tel Awiw
42%
Ryanair Palermo
39%
Ryanair Piza
39%
Ryanair Podgorica
39%
Ryanair Alicante
37%
Ryanair (sezonowo) Dubrownik
37%
Ryanair | Wizzair Eindhoven
37%
LOT Olsztyn
37%
Ryanair Sewilla
37%
Ryanair (sezonowo) Burgas
34%
Jet2.com | Ryanair Newcastle
34%
Ryanair Pafos
34%
Ryanair Teneryfa
34%
Ryanair (sezonowo) Warna
34%
EasyJet | Wizzair Bazylea
32%
Eurowings Dusseldorf
32%
Wizzair Genua
32%
Luxair Luksemburg
32%
Ryanair Malta
32%
Ryanair Marrakesz
32%
Ryanair (sezonowo) Rodos
32%
Eurowings (sezonowo) Stuttgart
32%
Ryanair (sezonowo) Zadar
32%
EasyJet | Jet2.com (sezonowo) | Ryanair Belfast
29%
Ryanair (sezonowo) Chania
29%
Ryanair Goteborg
29%
Entair Air (czarter) Heraklion
29%
Pegasus Airlines Izmir
29%
Ryanair (sezonowo) Palma de Mallorca
29%
Norwegian Stavanger
29%
Norwegian Trondheim
29%
Ryanair Agadir
26%
Ryanair | Wizzair Bolonia
26%
Ryanair Gran Canaria
26%
Wizzair Larnaka
26%
EasyJet | Ryanair Bristol
24%
Ryanair Faro
24%
Entair Air (czarter) | Ryanair (sezonowo) Korfu
24%
Ryanair (sezonowo) Rimini
24%
Ryanair Shannon
24%
Ryanair Tuluza
24%
Freebird Airlines (czarter) Bodrum
21%
LOT (sezonowo) Bydgoszcz
21%
Ryanair Fuerteventura
21%
Entair Air (czarter) Marsa Alam
21%
Ryanair Triest
21%
LOT (sezonowo) Zielona Góra
21%
Ryanair Amman
18%
Ryanair (sezonowo) Ankona
18%
Ryanair Cagliari
18%
Ryanair Memmingen
18%
Air Arabia Szardża
18%
Ryanair Bournemouth
16%
Jet2.com | Ryanair East Midlands
16%
Ryanair (sezonowo) Lamezia
16%
Ryanair (sezonowo) Pescara
16%
Ryanair (sezonowo) Santorini
16%
Ryanair Aberdeen
13%
LOT (sezonowo) Newark
13%
Ryanair (sezonowo) Olbia
13%
Jazeera Airways (sezonowo) Kuwejt
11%
Ryanair (sezonowo) Lourdes
11%
Ryanair (sezonowo) Perugia
11%
Ryanair Castellon
5%
Nie znaleziono quizów pasujących do podanych kryteriów
Rozkład punktacji
Procent ludzi z każdym wynikiem
Percentyl według liczby udzielonych odpowiedzi
Twoja historia wyników
Nie rozwiązałeś tego quizu